La Jaula de oro: la migración entre Centroamérica y EEUU en la era de la globalización /
Gespeichert in:
| 1. Verfasser: | |
|---|---|
| Format: | Text |
| Schlagworte: | |
| Tags: |
Tag hinzufügen
Keine Tags, Fügen Sie den ersten Tag hinzu!
|
MARC
| LEADER | 00000 a a2200000 04500 | ||
|---|---|---|---|
| 001 | 2334 | ||
| 003 | |||
| 040 | |||
| 100 | |a Sarabia, Saúl | ||
| 245 | |a La Jaula de oro: |b la migración entre Centroamérica y EEUU en la era de la globalización / |c Saúl Sarabia | ||
| 650 | |a MIGRACION | ||
| 650 | |a LIBERALIZACION DEL INTERCAMBIO | ||
| 650 | |a LEYES | ||
| 650 | |a POBLACION | ||
| 650 | |a POLITICA | ||
| 650 | |a DESARROLLO ECONOMICO Y SOCIAL | ||
| 650 | |a POLITICA GUBERNAMENTAL | ||
| 650 | |a SISTEMAS POLITICOS | ||
| 650 | |a DERECHOS HUMANOS | ||
| 773 | |g volumen 17, número 1; páginas 28-29 | ||
| 999 | |c 33303 |d 33303 | ||
